Clasificacin̤ Arancelaria de los Productos Qum̕icos

Detalles Bibliográficos
Autor principal: Gaytǹ Lozano, Diana Mara̕
Formato: Libro
Publicado: Mx̌ico Ediciones Fiscales ISEF 2015
Materias:
Acceso en línea:Acceso restringido

MARC

LEADER 00000nam a22000007a 4500
005 2015110406426.0
007 cr|||| ||u|
008 151104s2015 ||||| |||| 00||0 d
020 |a 978-368-726-890-1 
035 |a 12926 
040 |a vLex 
090 |c 5650  |d 5650 
100 1 |a Gaytǹ Lozano, Diana Mara̕ 
245 1 0 |a Clasificacin̤ Arancelaria de los Productos Qum̕icos  |h [Recurso electrn̤ico] /  |c Diana Mara̕ Gaytǹ Lozano  
256 |a Servicio en ln̕ea 
260 |a Mx̌ico  |b Ediciones Fiscales ISEF  |c 2015 
300 |a 1 recurso electrn̤ico (Segunda edicin̤ 207 pg̀inas) 
506 1 |a Contenido solo disponible en los productos indicados  |d vLex Global  |d vLex Global (Academic Edition, excluding Law Schools)  |d vLex Global (U.S. Academic Edition, Law Schools)  |d vLex Global (U.S. Academic Edition, excluding Law Schools)  |d vLex Global (Academic Edition, Law Schools) 
650 0 4 |a Aranceles de aduanas  |z Mx̌ico 
740 0 |a vLex libros (servicio en ln̕ea) 
856 4 0 |u http://vlex.com/source/clasificacion-arancelaria-productos-quimicos-12926  |z Acceso restringido 
942 |c BOOK 
999 0 |a Tariff